Management 2 Insurance companies

Salvato in:
Dettagli Bibliografici
Natura: Libro
Lingua:inglese
Pubblicazione: London Chartered Insurance Institute 1988
Edizione:1. ed.
Soggetti:
Tags: Aggiungi Tag
Nessun Tag, puoi essere il primo ad aggiungerne!!

MARC

LEADER 00000nam a2200000 4500
001 c001785
005 20221219121125.2
020 |a 1-85369-060-0 
041 0 |a eng 
044 |a GB 
245 1 0 |a Management 2  |b Insurance companies 
250 |a 1. ed. 
264 1 |a London  |b Chartered Insurance Institute  |c 1988 
300 |a Prer. s. 
610 2 0 |a manažment 
610 2 0 |a poisťovne 
610 2 0 |a účtovníctvo 
610 2 0 |a bilancie 
610 2 0 |a zisk 
610 2 0 |a strata 
610 2 0 |a výnosy podnikové 
610 2 0 |a účty 
610 2 0 |a financie 
610 2 0 |a predpisy právne 
610 2 0 |a akcie 
610 2 0 |a investície 
610 2 0 |a sprostredkovatelia 
610 2 0 |a dane